Gurindam alam

Bibliographic Details
Main Author: Dharmawijaya
Format: Book
Published: Kajang : Masa Enterprise , 1994
Subjects:

MARC

LEADER 00000cam a2200000 7i4500
001 0000006597
002 000007116
005 20000330.0
020 |a 9839041150 
090 0 0 |a 899.2313   |b DHA 
100 0 |a Dharmawijaya 
245 1 0 |a Gurindam alam   |c Dharmawijaya 
260 |a Kajang :   |b Masa Enterprise ,   |c 1994 
300 |a 215p. ;   |c 20cm. 
650 0 0 |a Malay poetry 
999 |a 038327   |b BUKU   |c PINJAMAN   |e PERPUSTAKAAN KOMUNITI PETALING JAYA 
999 |a 038328   |b BUKU   |c PINJAMAN   |e PERPUSTAKAAN KOMUNITI PETALING JAYA 
999 |a 042549   |b BUKU   |c PINJAMAN   |e PERPUSTAKAAN KOMUNITI PETALING JAYA